000 00623nam a2200241Ia 4500
003 OSt
005 20221005122454.0
006 a|||||r|||| 00| 0
007 ta
008 221004b |||||||| |||| 00| 0 tam d
024 _a48564
037 _cTextual
040 _aCRL
_cCRL
_btam
041 _2tam
_atam
082 _aO31,1N30,2, K6
100 _aIlanthiraian Saalai
_9632055
245 0 _aKaala nathi theerathilay = Story poems
260 _c1966
300 _a128
_ccm.
650 _aTAMIL POETRY
942 _hO31,1N30,2, K6
_cTEXL
_2cc
999 _c1044410
_d1044410